00450nam a22001577a 4500020001500000041001400015082001600029100002300045245001700068260004000085300000800125650003400133942000700167952010100174999001700275 a8126414707 aMalayalam a923.154 BAL aBalakrishnan, P.K. aTippu Sultan aKottayam, KeralabD. C. Booksc1959 a208 aHistory of India-Tippu Sultan cBK 00104070aHMIbHMIcGENd2022-09-21g190.00l0o923.154 BALp25501r2022-09-21w2022-09-21yBK c23287d23287